000
00270nam a2200097Ia 4500
082
_a
LP EF ELMO
245
0
_a
My vintage summer
100
_a
Elmor, Jane Leicester, 2009 Large print ed
_9
94475
942
_c
BK
008
210817s9999 xx 000 0 und d
999
_c
386924
_d
386922